000 00604nam a2200229Ia 4500
003 OSt
005 20220928141024.0
006 a|||||r|||| 00| 0
007 ta
008 220927b |||||||| |||| 00| 0 eng d
024 _a12887
037 _cTextual
040 _aSDCL
_cSDCL
_beng
041 _2eng
_aeng
082 _aV1:19'N7, L1
100 _aSprout Harold
_9498500
245 0 _aToward a politics of the Planet Earth
260 _c1971
700 _a Sprout Margaret
_9498501
942 _hV1:19'N7, L1
_cTEXL
_2CC
999 _c815296
_d815296